World Leaders Since 2020 - Statistics

General Stats
  • This quiz has been taken 38 times
  • The average score is 17 of 28
Answer Stats
Position Years Name % Correct
2021-2025 Joe Biden
94%
Russian President 2012-present Vladimir Putin
94%
UK Prime Minister 2019-2022 Boris Johnson
91%
US President 2017-2021 Donald Trump
91%
2025-present Donald Trump
91%
North Korean General Secretary 2012-present Kim Jong Un
91%
German Chancellor 2005-2021 Angela Merkel
88%
French President 2017-present Emmanuel Macron
88%
Chinese President 2013-present Xi Jinping
88%
Israeli Prime Minister 2009-2021 Benjamin Netanyahu
82%
2022-present Benjamin Netanyahu
82%
Canadian Prime Minister 2015-2025 Justin Trudeau
82%
2020-2024 Rishi Sunak
82%
Turkish President 2014-present Recep Tayyip Erdoğan
76%
2022 Liz Truss
74%
2021-2025 Olaf Scholz
68%
2022-present Giorgia Meloni
65%
2025-present Mark Carney
47%
Iranian Supreme Leader 1989-present Ali Khamenei
38%
Mexican President 2018-2024 Andrés Manuel López Obrador
38%
2025-present Friedrich Merz
24%
2024-present Kier Starmer
24%
2021-2022 Mario Draghi
21%
2022 Yair Lapid
12%
Italian Prime Minister 2018-2021 Giuseppe Conte
9%
2021-2022 Naftali Bennett
9%
2024-present Claudia Sheinbaum Pardo
3%
Indian Prime Minister 2014-present Shri Narendra Modi
0%
No matching quizzes found
Score Distribution
Percent of People with Each Score
Percentile by Number Answered
Your Score History
You have not taken this quiz